| 000 | 00725nam a2200253 a 4500 | ||
|---|---|---|---|
| 005 | 20191224041821.0 | ||
| 008 | 140116b1996 ck ||||gr|||| 00| 0 spa d | ||
| 040 |
_aCO-BoIAVH _cCO-BoIAVH |
||
| 041 | _aspa | ||
| 090 |
_aEA _b361 |
||
| 100 | 1 | _aPrado, Marta L. | |
| 245 | 1 |
_aMunchique _bmemorias de pobladores |
|
| 260 |
_aBogotá _bProyecto Biopacifico _c1996 |
||
| 300 |
_a24 paginas. _bilustraciones.; _c21 x 20 cm. |
||
| 650 | 6 | _aHistorias de pobladores | |
| 650 | 6 | _aAguas | |
| 650 | 6 | _aComunidades | |
| 650 | 6 | _aSalud | |
| 700 | 1 | _aPinilla M., Nelson H. | |
| 700 | 1 | _aMendez, María | |
| 700 | 1 | _aYalanda, Segundo | |
| 942 |
_cLIBRO _2z |
||
| 945 | _d2007-11-23 | ||
| 999 |
_c5957 _d5957 |
||